ARRUPE JESUIT UNIVERSITY

CORONAVIRUS -STOP THE SPREAD - CLEAN,DISINFECT,COVER

Balthasar at the end of Modernity (Record no. 119498)

MARC details
000 -LEADER
fixed length control field 00391nam a22001337a 4500
005 - DATE AND TIME OF LATEST TRANSACTION
control field 20140103133159.0
008 - FIXED-LENGTH DATA ELEMENTS--GENERAL INFORMATION
fixed length control field 140103b xxu||||| |||| 00| 0 eng d
050 ## - LIBRARY OF CONGRESS CALL NUMBER
Classification number BR1750.B34
Item number G227 1999
100 ## - MAIN ENTRY--PERSONAL NAME
Personal name Moss, Gardner
9 (RLIN) 6497
245 ## - TITLE STATEMENT
Title Balthasar at the end of Modernity
Statement of responsibility, etc Moss, Gardner
260 ## - PUBLICATION, DISTRIBUTION, ETC. (IMPRINT)
Place of publication, distribution, etc Edinburgh
Name of publisher, distributor, etc T and T Clark
Date of publication, distribution, etc 1999
300 ## - PHYSICAL DESCRIPTION
Extent xi, 191p. ;
Dimensions 24cm.
942 ## - ADDED ENTRY ELEMENTS (KOHA)
Source of classification or shelving scheme Library of Congress Classification
Item type Monograph ( Printed materials)
Holdings
Withdrawn status Lost status Source of classification or shelving scheme Damaged status Not for loan Collection code Home library Current library Shelving location Date acquired Total Checkouts Full call number Barcode Date last seen Price effective from Koha item type
    Library of Congress Classification     Main Collection ARRUPE LIBRARY ARRUPE LIBRARY Main Collection 03/01/2014   BR1750.B34 G227 1999 46410550 15/11/2016 03/01/2014 Monograph ( Printed materials)

 

Arrupe Library. PO Box MP320 Mt Pleasant, Harare, Zimbabwe
263 242 745411|librarian@aju.ac.zw